书目信息 |
| 题名: |
电力工程
|
|
| 作者: | 陆敏政 编 | |
| 分册: | ||
| 出版信息: | 北京 中国电力出版社 2008.01 |
|
| 页数: | 322页 | |
| 开本: | 26cm | |
| 丛书名: | ||
| 单 册: | ||
| 中图分类: | TM7 | |
| 科图分类: | ||
| 主题词: | 电力工程--dian li gong cheng--高等学校--教材 | |
| 电子资源: | ||
| ISBN: | 978-7-5083-6107-9 | |
| 000 | 00904nam0 2200265 450 | |
| 001 | 012008646917 | |
| 005 | 20080517171327.56 | |
| 010 | @a978-7-5083-6107-9@dCNY31.50 | |
| 100 | @a20080517d2008 em y0chiy0120 ea | |
| 101 | 0 | @achi |
| 102 | @aCN@b110000 | |
| 105 | @aak a 000yy | |
| 106 | @ar | |
| 200 | 1 | @a电力工程@Adian li gong cheng@f陆敏政编@Flu min zheng bian |
| 205 | @a第2版 | |
| 210 | @a北京@c中国电力出版社@d2008.01 | |
| 215 | @a322页@c图@d26cm | |
| 300 | @a普通高等教育“十一五”规划教材 | |
| 320 | @a有书目 (第322页) | |
| 330 | @a全书共分十章,系统讲述了电力系统、电力网及发电厂、变电所电气部分基本知识、理论和方法,主要内容包括电力系统概述,电力系统的等值网络,电力系统潮流的分析与计算等。 | |
| 606 | 0 | @a电力工程@Adian li gong cheng@x高等学校@j教材 |
| 690 | @aTM7@v4 | |
| 701 | 0 | @a陆敏政@Alu min zheng@4编 |
| 801 | 0 | @aCN@bQSSK@c20080517 |
| 905 | @b712978-80@dTM7@eL849@f3 | |
| 电力工程/陆敏政编.-第2版.-北京:中国电力出版社,2008.01 |
| 322页:图;26cm |
| 普通高等教育“十一五”规划教材 |
| ISBN 978-7-5083-6107-9:CNY31.50 |
| 全书共分十章,系统讲述了电力系统、电力网及发电厂、变电所电气部分基本知识、理论和方法,主要内容包括电力系统概述,电力系统的等值网络,电力系统潮流的分析与计算等。 |
| ● |
| 相关链接 |
|
|
|
正题名:电力工程
索取号:TM7/L849
 
预约/预借
| 序号 | 登录号 | 条形码 | 馆藏地/架位号 | 状态 | 备注 |
| 1 | 712978 | 207129784 | 自科库301/301自科库 11排3列4层/ [索取号:TM7/L849] | 在馆 | |
| 2 | 712979 | 207129793 | 能源与建筑环境工程学院资料室/ [索取号:TM7/L849] | 在馆 | |
| 3 | 712980 | 207129800 | 自科库301/301自科库 16排3列2层/ [索取号:TM7/L849] | 在馆 |